[Event "LTU-ch sf"]
[Site "Vilnius"]
[Date "2012.02.24"]
[Round "7"]
[White "Kalvis, Valdas"]
[Black "Juodzevicius, Darius"]
[Result "0-1"]
[WhiteElo "1918"]
[BlackElo "1789"]
[PlyCount "64"]
[EventDate "2012.02.19"]
[EventType "swiss"]
[EventRounds "8"]
[EventCountry "LTU"]
[SourceTitle "CBM 147 Extra"]
[Source "ChessBase"]
[SourceDate "2012.04.24"]
[SourceVersion "1"]
[SourceVersionDate "2012.04.24"]
[SourceQuality "1"]

1. e4 c5 2. Nf3 d6 3. d4 cxd4 4. Nxd4 Nf6 5. f3 e5 6. Nf5 g6 7. Ne3 Be6 8. Nc3 Nc6 9. Ned5 Bxd5 10. exd5 Nd4 11. Be3 Bg7 12. Bxd4 exd4 13. Qxd4 0-0 14. 0-0-0 a6 15. Qb4 Qc7 16. g4 Rfc8 17. Bd3 b5 18. g5 Nd7 19. Ne4 Nc5 20. Nxc5 dxc5 21. Qg4 c4 22. d6 Qxd6 23. Be4 Qe5 24. c3 Rab8 25. Rhe1 f5 26. gxf6 Qxf6 27. Bd5+ Kh8 28. Re6 Qf8 29. Rg1 b4 30. Rxa6 bxc3 31. b3 cxb3 32. Bxb3 Rb4 0-1

[Event "LTU-ch sf"]
[Site "Vilnius"]
[Date "2012.02.19"]
[Round "1"]
[White "Labeckas, Kestutis"]
[Black "Kalvis, Valdas"]
[Result "1-0"]
[WhiteElo "2407"]
[BlackElo "1918"]
[PlyCount "53"]
[EventDate "2012.02.19"]
[EventType "swiss"]
[EventRounds "8"]
[EventCountry "LTU"]
[SourceTitle "CBM 147 Extra"]
[Source "ChessBase"]
[SourceDate "2012.04.24"]
[SourceVersion "1"]
[SourceVersionDate "2012.04.24"]
[SourceQuality "1"]

1. d4 Nf6 2. Bg5 g6 3. c4 d5 4. Bxf6 exf6 5. e3 Bb4+ 6. Nc3 0-0 7. Qb3 Bxc3+ 8. Qxc3 Be6 9. c5 b6 10. Bd3 bxc5 11. Qxc5 Nd7 12. Qc3 c5 13. dxc5 Qe7 14. c6 Ne5 15. Ne2 d4 16. Nxd4 Bd5 17. 0-0 Rac8 18. Bb5 Rfd8 19. Rac1 Ng4 20. f3 Ne5 21. c7 Rd6 22. Qc5 Nd7 23. Qa3 Bb7 24. Rc3 a6 25. Bxd7 Qxd7 26. Qc5 Rd5 27. Qb6 1-0